| 000 | 01510cam a22004454a 4500 | ||
|---|---|---|---|
| 001 | 7937881 | ||
| 003 | ASAB | ||
| 005 | 20180827062656.0 | ||
| 006 | m d | ||
| 007 | cr n | ||
| 008 | 020115s2002 nyua sb 001 0 eng d | ||
| 020 | _a9780824706197 (alk. paper) | ||
| 020 | _a0824706196 (alk. paper) | ||
| 035 | _a(WaSeSS)ssj0000192827 | ||
| 040 |
_aDLC _cASAB _dC#P _dAGL _dDNLM _dWaSeSS |
||
| 042 | _apcc | ||
| 050 | 4 |
_aTP248.65.L57 _bL565 2002 |
|
| 050 | 4 | _aTP248.65.L57L565 | |
| 060 | 0 | 0 | _a2003 N-821 |
| 060 | 1 | 0 |
_aQU 85 _bL76313 2002 |
| 070 | 0 |
_aTP248.65.L57 _bL565 2002 |
|
| 072 | 0 | _aX300 | |
| 082 | 0 | 0 |
_a660.6/3 _221 |
| 210 | 1 | 0 | _aLipid biotechnology |
| 245 | 0 | 0 |
_aLipid biotechnology _cM.I. Gurr _ban introduction |
| 250 | _a5th edition. | ||
| 260 |
_aNew York : _bMarcel Dekker, _cc2002. |
||
| 504 | _aIncludes bibliographical references and index. | ||
| 506 | _aLicense restrictions may limit access. | ||
| 650 | 1 | 2 |
_aLipids _xbiosynthesis _92114 |
| 650 | 2 | 2 |
_aBiotechnology _92115 |
| 700 | 1 |
_aKuo, Tsung Min, _d1942- _92116 |
|
| 700 | 1 |
_aGardner, Harold W., _d1935- _92117 |
|
| 773 | 0 | _tCHEMLIBnetBASE | |
| 773 | 0 | _tCIVILENGINEERINGnetBase | |
| 856 | 4 | 0 |
_uhttp://www.columbia.edu/cgi-bin/cul/resolve?clio7937881.001 _zFull text available from CHEMLIBnetBASE |
| 856 | 4 | 0 |
_uhttp://www.columbia.edu/cgi-bin/cul/resolve?clio7937881.002 _zFull text available from CIVILENGINEERINGnetBase |
| 910 | _aNational Library of Medicine record | ||
| 942 |
_2ddc _cBK |
||
| 999 |
_c480221 _d480221 |
||